| 000 -LEADER |
| fixed length control field |
00722nam a2200205Ia 4500 |
| 001 - CONTROL NUMBER |
| control field |
2933 |
| 003 - CONTROL NUMBER IDENTIFIER |
| control field |
GE_BSU |
| 008 - FIXED-LENGTH DATA ELEMENTS--GENERAL INFORMATION |
| fixed length control field |
181216s||||||||xx |||||||||||||| ||und|| |
| 040 ## - CATALOGING SOURCE |
| Transcribing agency |
GE_BSU |
| 080 ## - UNIVERSAL DECIMAL CLASSIFICATION NUMBER |
| Universal Decimal Classification number |
541.121(03) |
| 245 ## - TITLE STATEMENT |
| Title |
Справочник химика. Том третий: химическое равновесие и кинетика свойства растворов электродные процесы. |
| 245 ## - TITLE STATEMENT |
| Statement of responsibility, etc. |
Гл. ред. Б.П.Никольский. |
| 250 ## - EDITION STATEMENT |
| Edition statement |
Второе изд., перераб. и дополненное. |
| 260 ## - PUBLICATION, DISTRIBUTION, ETC. |
| Place of publication, distribution, etc. |
М. |
| 260 ## - PUBLICATION, DISTRIBUTION, ETC. |
| Name of publisher, distributor, etc. |
Химия. |
| 260 ## - PUBLICATION, DISTRIBUTION, ETC. |
| Date of publication, distribution, etc. |
1964. |
| 300 ## - PHYSICAL DESCRIPTION |
| Extent |
1006 стр. 22 см. |
| 653 ## - INDEX TERM--UNCONTROLLED |
| Uncontrolled term |
Справочник химика. |
| 942 ## - ADDED ENTRY ELEMENTS (KOHA) |
| Koha item type |
წიგნი |